| 000 | 00934nam a2200265 a 4500 | ||
|---|---|---|---|
| 005 | 20210219154510.0 | ||
| 008 | 030624s1984 mx r 000 0 spa d | ||
| 020 | _a96849606504 | ||
| 035 | _aUPN01000126657 | ||
| 049 | _aSEP | ||
| 050 | 4 |
_aHN5 _bC23 no.114 v.5 |
|
| 100 | 1 | _aCelestino Solís, Eustaquio | |
| 245 | 1 | 0 |
_aLos de Xalitla, Guerrero, pescamos así--- / _cEustaqui Celestino Solís. |
| 260 |
_aMéxico : _bSEP : _bCIESAS, _c1984. |
||
| 300 |
_a128 p. : _bil. |
||
| 440 | 0 |
_aCuadernos de la casa chata ; _v114 |
|
| 440 | 4 |
_aLos pescadores de México ; _v5 |
|
| 501 | _aCon: Cangrejos y renacuajos en Acatlán, Guerrero / Marco Matías Alonso, Aurelio Alegre | ||
| 651 | 4 |
_aMEXICO - _xCONDICIONES SOCIALES - _vCOLECCIONES |
|
| 650 | 4 |
_aPESCA - _zGUERRERO |
|
| 700 | 1 |
_aAlonso, Marcos Matías, _ecoaut. |
|
| 700 | 1 |
_aAlegre, Aurelio, _ecoaut. |
|
| 740 | 0 | _aCangrejos y renacuajos en Acatlán, Guerrero | |
| 905 | _aLibro | ||
| 999 |
_c98836 _d98836 |
||